| 000 | 00653nam a2200217 i 4500 | ||
|---|---|---|---|
| 001 | 49927 | ||
| 003 | ES-MaACL | ||
| 005 | 20230906162102.0 | ||
| 007 | t| | ||
| 008 | 030725s1971 sp f |||| | spa d | ||
| 100 | 1 |
_aCrémer, Victoriano. _941488 |
|
| 245 | 1 | 0 |
_aLeón / _cpor Victoriano Crémer. |
| 260 |
_aMadrid : _bPublicaciones Españolas, _c1971. |
||
| 300 |
_a92 p., [4] p. de lám. ; _c21 cm. |
||
| 490 | 1 |
_aTemas españoles ; _v515 |
|
| 651 | 4 |
_aCastilla y León- _vGuías turísticas. _9159876 |
|
| 651 | 4 |
_aLeón- _xDescripción. _98909 |
|
| 830 | 0 |
_aTemas españoles ; _v515 _9178712 |
|
| 852 |
_aES-MaACL _jC-44757 |
||
| 999 |
_c49927 _d49927 |
||